[Event "LYM - Maîtres vs Espoirs"]
[Site "Lausanne - Casino de Montbenon"]
[Date "2006.09.16"]
[Round "6"]
[White "Zenklusen, Rico"]
[Black "Apicella, Manuel"]
[Result "0-1"]
[WhiteElo "2348"]
[BlackElo "2520"]
[PlyCount "76"]
[EventDate "2006.09.16"]
[SourceDate "2006.09.16"]

1. e4 e6 2. d4 d5 3. Nd2 Nf6 4. e5 Nfd7 5. Bd3 c5 6. c3 b6 7. Ne2 Ba6 8. Bxa6
Nxa6 9. O-O Nc7 10. Nf3 Be7 11. Nf4 g6 12. Re1 c4 13. b3 b5 14. a4 a6 15. axb5
axb5 16. Rxa8 Qxa8 17. b4 Nb6 18. h4 Qa2 19. Nh3 Na4 20. Re3 Qb3 21. Qd2 h6 22.
h5 gxh5 23. Nh2 Kd7 24. f4 Ra8 25. Nf3 Qb1 26. Kh2 Ne8 27. Ne1 Nxc3 28. Qxc3
Bxb4 29. Qc2 Ra1 30. Qxb1 Rxb1 31. Nc2 Ba5 32. Ba3 b4 33. f5 b3 34. fxe6+ fxe6
35. Nb4 b2 36. Na6 c3 37. Rf3 Ra1 38. Nc5+ Kc6 0-1

[Event "LYM - Maîtres vs Espoirs"]
[Site "Lausanne - Casino de Montbenon"]
[Date "2006.09.16"]
[Round "6"]
[White "Farago, Ivan"]
[Black "Burnier, David"]
[Result "1/2-1/2"]
[WhiteElo "2513"]
[BlackElo "2320"]
[PlyCount "65"]
[EventDate "2006.09.16"]
[SourceDate "2006.09.16"]

1. d4 Nf6 2. c4 g6 3. Nc3 Bg7 4. e4 d6 5. Be2 O-O 6. Bg5 h6 7. Be3 c5 8. e5
dxe5 9. dxe5 Qxd1+ 10. Rxd1 Ng4 11. Bxc5 Nxe5 12. Nd5 Na6 13. Ba3 Nc6 14. Nf3
Bg4 15. b4 Naxb4 16. O-O a5 17. h3 Be6 18. Nc7 Rad8 19. Nxe6 fxe6 20. Bxb4 axb4
21. c5 Nd4 22. Nxd4 Bxd4 23. Rc1 Rc8 24. Bf3 Bxc5 25. Rc2 b6 26. Re2 Rf6 27.
Rfe1 Rd8 28. Rxe6 Rd2 29. R6e2 Rfd6 30. g3 e5 31. Rxd2 Rxd2 32. Re2 Rxe2 33.
Bxe2 1/2-1/2

[Event "LYM - Maîtres vs Espoirs"]
[Site "Lausanne - Casino de Montbenon"]
[Date "2006.09.16"]
[Round "6"]
[White "Tukmakov, Vladimir"]
[Black "Olivier, Jean-Christophe"]
[Result "1/2-1/2"]
[WhiteElo "2560"]
[BlackElo "2392"]
[PlyCount "120"]
[EventDate "2006.09.16"]
[SourceDate "2006.09.16"]

1. d4 Nf6 2. c4 e6 3. g3 c5 4. Nf3 cxd4 5. Nxd4 Nc6 6. Bg2 Bb4+ 7. Bd2 Qb6 8.
Nb3 d5 9. cxd5 Nxd5 10. O-O Bxd2 11. N1xd2 O-O 12. Nc4 Qb4 13. Rc1 Rd8 14. Nd4
Bd7 15. a3 Qe7 16. Nxc6 Bxc6 17. Qb3 Rab8 18. Na5 Be8 19. Rfd1 b6 20. Nc6 Bxc6
21. Rxc6 Nf6 22. Rdc1 Rd7 23. h3 Rbd8 24. Rc8 h5 25. Qe3 Rd1+ 26. Rxd1 Rxc8 27.
b4 Qc7 28. Bf3 g6 29. b5 Nd7 30. Qg5 Qc5 31. h4 Qxg5 32. hxg5 Nc5 33. Bc6 Kf8
34. f4 Ke7 35. Kf2 a6 36. Rd4 axb5 37. Bxb5 Ra8 38. a4 Rd8 39. Rxd8 Kxd8 40.
Ke3 Nb7 41. Kd4 Ke7 42. e4 Nd6 43. Ke5 Nb7 44. f5 exf5 45. exf5 gxf5 46. Kxf5
Nc5 47. Ke5 Kf8 48. Bc6 Kg7 49. Kf5 Ne6 50. Be4 Nc5 51. Bc2 Nd7 52. Bb3 Nc5 53.
Bd1 Kf8 54. Bc2 Kg8 55. Kf6 Nd7+ 56. Kf5 Nc5 57. g6 fxg6+ 58. Kxg6 h4 59. gxh4
Kh8 60. h5 Kg8 1/2-1/2

[Event "LYM - Maîtres vs Espoirs"]
[Site "Lausanne - Casino de Montbenon"]
[Date "2006.09.17"]
[Round "7"]
[White "Olivier, Jean-Christophe"]
[Black "Gheorghiu, Florin"]
[Result "1/2-1/2"]
[WhiteElo "2392"]
[BlackElo "2379"]
[PlyCount "36"]
[EventDate "2006.09.17"]
[SourceDate "2006.09.17"]

1. e4 c5 2. Nf3 e6 3. d4 cxd4 4. Nxd4 a6 5. Bd3 Nf6 6. O-O d6 7. c4 g6 8. Nc3
Bg7 9. Nf3 Nc6 10. h3 Qc7 11. Bf4 Nd7 12. Rc1 Nce5 13. Nxe5 Nxe5 14. b3 O-O 15.
Bb1 Bd7 16. Qd2 Rad8 17. Rfd1 Bc6 18. Be3 f5 1/2-1/2

[Event "LYM - Maîtres vs Espoirs"]
[Site "Lausanne - Casino de Montbenon"]
[Date "2006.09.17"]
[Round "7"]
[White "Apicella, Manuel"]
[Black "Kurmann, Oliver"]
[Result "0-1"]
[WhiteElo "2520"]
[BlackElo "2331"]
[PlyCount "62"]
[EventDate "2006.09.15"]

1. e4 e6 2. d4 d5 3. Nc3 Nf6 4. e5 Nfd7 5. f4 c5 6. Nf3 Nc6 7. Be3 cxd4 8. Nxd4
Bc5 9. Qd2 O-O 10. O-O-O a6 11. h4 Nxd4 12. Bxd4 b5 13. h5 b4 14. Ne2 a5 15.
Qe3 Qc7 16. Bxc5 Nxc5 17. Nd4 a4 18. Kb1 Ba6 19. f5 a3 20. Rh4 Ne4 21. Bd3 exf5
22. Bxe4 dxe4 23. g4 axb2 24. gxf5 Bc4 25. Nb3 Rfc8 26. Rd2 Bd3 27. Rhh2 Rxa2
28. Rxd3 exd3 29. Kxa2 Ra8+ 30. Kxb2 Qc3+ 31. Kc1 d2+ 0-1

[Event "LYM - Maîtres vs Espoirs"]
[Site "Lausanne - Casino de Montbenon"]
[Date "2006.09.17"]
[Round "7"]
[White "Burnier, David"]
[Black "Zenklusen, Rico"]
[Result "1/2-1/2"]
[WhiteElo "2320"]
[BlackElo "2348"]
[PlyCount "80"]
[EventDate "2006.09.15"]

1. d4 Nf6 2. c4 e6 3. Nc3 Bb4 4. Nf3 b6 5. Bg5 h6 6. Bh4 g5 7. Bg3 Ne4 8. Qd3
Bb7 9. Nd2 Bxc3 10. bxc3 Nxg3 11. Qxg3 d6 12. h4 Rg8 13. e4 Nd7 14. Rb1 e5 15.
c5 dxc5 16. d5 Qf6 17. hxg5 hxg5 18. a4 O-O-O 19. a5 Qf4 20. a6 Ba8 21. c4 Rh8
22. Rxh8 Rxh8 23. Bd3 Rh1+ 24. Nf1 Kd8 25. Ke2 Ke7 26. Bc2 Nf6 27. Qd3 Ng4 28.
Qf3 Qxf3+ 29. gxf3 Nf6 30. Nd2 Rxb1 31. Nxb1 Nd7 32. Nc3 Nb8 33. Nb5 Nxa6 34.
Ba4 Bb7 35. Nxa7 Nb8 36. Kd3 Ba6 37. Kc3 Kd6 38. Be8 Ke7 39. Ba4 Kd6 40. Be8
Ke7 1/2-1/2

[Event "LYM - Maîtres vs Espoirs"]
[Site "Lausanne - Casino de Montbenon"]
[Date "2006.09.17"]
[Round "7"]
[White "Vuilleumier, Alexandre"]
[Black "Farago, Ivan"]
[Result "1-0"]
[WhiteElo "2402"]
[BlackElo "2513"]
[PlyCount "117"]
[EventDate "2006.09.17"]
[SourceDate "2006.09.17"]

1. e4 e6 2. d4 d5 3. Nc3 Bb4 4. exd5 exd5 5. Bd3 Nc6 6. a3 Bxc3+ 7. bxc3 Nce7
8. Ne2 Bf5 9. O-O Nf6 10. Bg5 Qd6 11. Bxf5 Nxf5 12. Qd3 Ne4 13. Bf4 Qd7 14. c4
c6 15. f3 Nf6 16. c5 O-O 17. g4 Ne7 18. Ng3 Ne8 19. Rae1 f5 20. Bg5 Nf6 21.
gxf5 h6 22. Bh4 Kh8 23. Re5 Nfg8 24. Rfe1 Rf7 25. Re6 Raf8 26. Bxe7 Nxe7 27. f6
gxf6 28. Qe3 Ng8 29. Nf5 Rh7 30. Kh1 Rff7 31. Rg1 Ne7 32. Nxe7 Rxe7 33. Rxe7
Qxe7 34. Qf4 Rg7 35. Qxh6+ Rh7 36. Qg6 Qf7 37. a4 Qxg6 38. Rxg6 Rf7 39. f4 Re7
40. Rxf6 Kg7 41. Rd6 Rf7 42. f5 Rxf5 43. Rd7+ Kg6 44. Kg2 Rg5+ 45. Kf3 Rh5 46.
Kg3 Rg5+ 47. Kf4 Rf5+ 48. Ke3 Rh5 49. Rxb7 Rxh2 50. Rc7 Rh3+ 51. Kd2 Kf5 52. c3
Rh2+ 53. Kd3 Rh3+ 54. Kc2 Rh2+ 55. Kb3 a5 56. Rxc6 Ke4 57. Rg6 Rh8 58. c6 Rb8+
59. Kc2 1-0

[Event "LYM - Maîtres vs Espoirs"]
[Site "Lausanne - Casino de Montbenon"]
[Date "2006.09.17"]
[Round "7"]
[White "Michiels, Bart"]
[Black "Tukmakov, Vladimir"]
[Result "1/2-1/2"]
[WhiteElo "2455"]
[BlackElo "2560"]
[PlyCount "96"]
[EventDate "2006.09.17"]
[SourceDate "2006.09.17"]

1. e4 c5 2. Nf3 d6 3. d4 cxd4 4. Nxd4 Nf6 5. Nc3 a6 6. Bc4 e6 7. O-O b5 8. Bb3
Be7 9. Qf3 Qb6 10. Be3 Qb7 11. Qg3 O-O 12. Bh6 Ne8 13. Rad1 Bd7 14. Rfe1 b4 15.
Nf5 exf5 16. Nd5 Nc6 17. exf5 Kh8 18. Nxe7 gxh6 19. Qh4 Ng7 20. Rxd6 Rae8 21.
Bd5 h5 22. h3 Qc7 23. Rxd7 Qxd7 24. Bxc6 Qd2 25. Re3 Qd1+ 26. Kh2 Qd6+ 27. g3
Nxf5 28. Nxf5 Qxc6 29. Qxb4 Qf6 30. Qc3 Qxc3 31. Rxc3 Rc8 32. Rxc8 Rxc8 33. Ne3
Kg7 34. Kg2 Kf6 35. Kf3 Ke5 36. c3 f5 37. Ng2 a5 38. Nf4 a4 39. Nd3+ Kd5 40.
Ke2 h4 41. Nf4+ Ke4 42. f3+ Ke5 43. Nd3+ Kd5 44. gxh4 a3 45. Kd2 axb2 46. Nxb2
Rg8 47. Ke3 Rb8 48. Nd3 Kc4 1/2-1/2

[Event "LYM - Maîtres vs Espoirs"]
[Site "Lausanne - Casino de Montbenon"]
[Date "2006.09.17"]
[Round "8"]
[White "Kurmann, Oliver"]
[Black "Burnier, David"]
[Result "1/2-1/2"]
[WhiteElo "2331"]
[BlackElo "2320"]
[PlyCount "30"]
[EventDate "2006.09.17"]
[SourceDate "2006.09.17"]

1. e4 e5 2. Nf3 Nc6 3. Bc4 Nf6 4. d3 Be7 5. O-O O-O 6. Re1 d6 7. a4 Kh8 8. a5
a6 9. c3 Bg4 10. h3 Bh5 11. Nbd2 d5 12. exd5 Nxd5 13. Ne4 b5 14. axb6 Nxb6 15.
Bb3 Bg6 1/2-1/2

[Event "LYM - Maîtres vs Espoirs"]
[Site "Lausanne - Casino de Montbenon"]
[Date "2006.09.17"]
[Round "8"]
[White "Tukmakov, Vladimir"]
[Black "Apicella, Manuel"]
[Result "1-0"]
[WhiteElo "2560"]
[BlackElo "2520"]
[PlyCount "67"]
[EventDate "2006.09.17"]
[SourceDate "2006.09.17"]

1. d4 e6 2. c4 d5 3. Nc3 c6 4. e3 Bd6 5. Bd3 f5 6. f4 Nf6 7. Nf3 Ne4 8. O-O O-O
9. Bd2 b6 10. Rb1 Ba6 11. Qe2 Qe7 12. Rfc1 Nd7 13. c5 Bxd3 14. cxd6 Bxe2 15.
dxe7 Bxf3 16. exf8=Q+ Rxf8 17. Be1 Nxc3 18. Rxc3 Be4 19. Rbc1 c5 20. Ra3 Ra8
21. dxc5 bxc5 22. Ra6 Kf7 23. Rc3 Nb8 24. Ra5 c4 25. Rc5 Na6 26. Rb5 Rb8 27.
Rxb8 Nxb8 28. Ra3 Nc6 29. Bc3 g5 30. g3 gxf4 31. gxf4 Ke7 32. Bd4 a5 33. Bc3
Kd6 34. Kf2 1-0

[Event "LYM - Maîtres vs Espoirs"]
[Site "Lausanne - Casino de Montbenon"]
[Date "2006.09.17"]
[Round "8"]
[White "Gheorghiu, Florin"]
[Black "Michiels, Bart"]
[Result "0-1"]
[WhiteElo "2379"]
[BlackElo "2455"]
[PlyCount "78"]
[EventDate "2006.09.17"]
[SourceDate "2006.09.17"]

1. c4 c5 2. Nf3 Nf6 3. Nc3 b6 4. e4 d6 5. d4 cxd4 6. Nxd4 Bb7 7. f3 e6 8. Be2
Be7 9. Be3 a6 10. Qd2 Nbd7 11. O-O Qc7 12. Rac1 O-O 13. b4 Rac8 14. a3 Qb8 15.
Rfd1 h6 16. Nb3 Bd8 17. Bf4 Ne5 18. Kh1 Nh5 19. Be3 Nxc4 20. Bxc4 Rxc4 21. Qxd6
Bc7 22. Qd3 Rc6 23. Nd4 Rd6 24. Qf1 Rd7 25. Bg1 Rfd8 26. Nde2 b5 27. Rxd7 Rxd7
28. Rd1 Qd8 29. Rxd7 Qxd7 30. Qd1 Qxd1 31. Nxd1 Nf4 32. Nxf4 Bxf4 33. Bd4 f5
34. e5 Bd5 35. Ne3 Kf7 36. Kg1 Bc6 37. g3 Bg5 38. Kf2 f4 39. Nd1 h5 0-1

[Event "LYM - Maîtres vs Espoirs"]
[Site "Lausanne - Casino de Montbenon"]
[Date "2006.09.17"]
[Round "8"]
[White "Farago, Ivan"]
[Black "Zenklusen, Rico"]
[Result "1/2-1/2"]
[WhiteElo "2513"]
[BlackElo "2348"]
[PlyCount "102"]
[EventDate "2006.09.17"]

1. d4 Nf6 2. c4 e6 3. Nf3 b6 4. a3 Bb7 5. Nc3 d5 6. cxd5 Nxd5 7. Bd2 Nd7 8. Qc2
c5 9. Nxd5 Bxd5 10. e4 Bb7 11. d5 exd5 12. exd5 Bd6 13. O-O-O O-O 14. Bd3 h6
15. Bc3 Re8 16. Qa4 a6 17. Qg4 Nf6 18. Qf5 Bc8 19. Bxf6 Bxf5 20. Bxd8 Bf4+ 21.
Kb1 Bxd3+ 22. Rxd3 Raxd8 23. g3 Bd6 24. Rd2 Re4 25. Ne1 Be5 26. Nc2 Bd4 27.
Rhd1 Rxd5 28. f3 Re6 29. Nxd4 cxd4 30. Rxd4 Rxd4 31. Rxd4 h5 32. Kc2 Re2+ 33.
Rd2 Re3 34. f4 Kf8 35. Rd6 Re2+ 36. Rd2 Re3 37. Rd6 Re2+ 38. Kb1 Rxh2 39. Rxb6
Rh3 40. Rxa6 Rxg3 41. a4 h4 42. Ra8+ Ke7 43. a5 Kd6 44. Rh8 Kc6 45. Rxh4 g6 46.
f5 Kb5 47. fxg6 fxg6 48. b4 Rg2 49. Rh8 Kxb4 50. a6 Rg1+ 51. Kb2 Rg2+ 1/2-1/2

[Event "LYM - Maîtres vs Espoirs"]
[Site "Lausanne - Casino de Montbenon"]
[Date "2006.09.17"]
[Round "8"]
[White "Vuilleumier, Alexandre"]
[Black "Olivier, Jean-Christophe"]
[Result "1-0"]
[WhiteElo "2402"]
[BlackElo "2392"]
[PlyCount "97"]

1. e4 c5 2. Nf3 d6 3. d4 cxd4 4. Nxd4 Nf6 5. Nc3 a6 6. Be3 e5 7. Nb3 Be6 8. f3
Nbd7 9. g4 h6 10. Qd2 b5 11. O-O-O Nb6 12. Bxb6 Qxb6 13. Nd5 Bxd5 14. exd5 Be7
15. h4 O-O 16. g5 Nh5 17. Bh3 a5 18. Kb1 a4 19. Nc1 a3 20. b3 Nf4 21. Bd7 Rad8
22. Bc6 b4 23. gxh6 g6 24. Nd3 Nxd3 25. Qxd3 f5 26. f4 exf4 27. Rhg1 Kh7 28. h5
g5 29. Rge1 Qa7 30. Re6 Rf7 31. Rde1 Bf8 32. Be8 Rxe8 33. Rxe8 f3 34. Qd2 Bxh6
35. Qxb4 Qc5 36. Qxc5 dxc5 37. d6 Bg7 38. Rd1 Rd7 39. Re7 Rd8 40. d7 g4 41. Rf7
g3 42. Rg1 g2 43. c3 Kh6 44. Rxf5 Rxd7 45. Kc2 Re7 46. Rxf3 Re2+ 47. Kd3 Rxa2
48. Rg3 Rb2 49. R3xg2 1-0

[Event "LYM - Maîtres vs Espoirs"]
[Site "Lausanne - Casino de Montbenon"]
[Date "2006.09.18"]
[Round "9"]
[White "Apicella, Manuel"]
[Black "Gheorghiu, Florin"]
[Result "1-0"]
[WhiteElo "2520"]
[BlackElo "2379"]
[PlyCount "57"]
[EventDate "2006.09.18"]
[SourceDate "2006.09.18"]

1. e4 c5 2. Nf3 e6 3. d4 cxd4 4. Nxd4 a6 5. Bd3 Nf6 6. O-O d6 7. c4 Bd7 8. Nc3
Nc6 9. Nf3 Be7 10. Qe2 Ng4 11. Rd1 Qc7 12. Bf4 Nge5 13. Rac1 Nxf3+ 14. Qxf3 Ne5
15. Qg3 Ng6 16. Be3 Rc8 17. Bf1 O-O 18. f3 Be8 19. Kh1 Qb8 20. Ne2 Bc6 21. Nd4
Bd7 22. Nc2 Qc7 23. Ne1 Rfd8 24. Qf2 Rf8 25. Nd3 Bh4 26. Qd2 Be7 27. Nf4 Ne5
28. Nh5 Be8 29. Bh6 1-0

[Event "LYM - Maîtres vs Espoirs"]
[Site "Lausanne - Casino de Montbenon"]
[Date "2006.09.18"]
[Round "9"]
[White "Michiels, Bart"]
[Black "Vuilleumier, Alexandre"]
[Result "1/2-1/2"]
[WhiteElo "2455"]
[BlackElo "2402"]
[PlyCount "157"]
[EventDate "2006.09.18"]
[SourceDate "2006.09.18"]

1. e4 c5 2. Nf3 d6 3. d4 cxd4 4. Nxd4 Nf6 5. Nc3 Nc6 6. Bc4 e6 7. O-O Be7 8.
Be3 O-O 9. Bb3 Bd7 10. f4 Qc8 11. Qf3 Na5 12. e5 Ne8 13. Rad1 Nxb3 14. axb3 f6
15. Qh5 fxe5 16. fxe5 dxe5 17. Qxe5 Nf6 18. h3 Qc5 19. Nf3 Qxe5 20. Nxe5 Be8
21. Rf4 Nh5 22. Re4 Bf6 23. Nd7 Rf7 24. Nxf6+ Nxf6 25. Rd6 Nd5 26. Rexe6 Nxc3
27. bxc3 Bc6 28. Rd4 a6 29. Rd2 h6 30. c4 Kh7 31. Bc5 Re8 32. Rxe8 Bxe8 33. Re2
Bc6 34. Bd6 Rf6 35. c5 Bd5 36. c4 Bc6 37. b4 Kg6 38. Rb2 Kf5 39. b5 axb5 40.
cxb5 Bd5 41. Bg3 Rf7 42. Rc2 Be4 43. Rc1 Rf6 44. c6 bxc6 45. b6 c5 46. Rxc5+
Kg6 47. Rb5 Bb7 48. Bc7 Rf5 49. Rb2 Ra5 50. Kf2 Ra3 51. g3 h5 52. h4 Kf6 53.
Rd2 g6 54. Rd8 Ra8 55. Rd7 Bh1 56. Bf4 Ra2+ 57. Ke3 Rb2 58. Rd6+ Kf5 59. Kd4
Bf3 60. Kc5 Rb3 61. Rd7 Ke6 62. Rd2 Rb1 63. Rd3 Bg2 64. Bc7 Bb7 65. Rd6+ Kf5
66. Rd8 Ke6 67. Re8+ Kd7 68. Rg8 Be4 69. Kd4 Bf5 70. Ke5 Re1+ 71. Kf6 Re6+ 72.
Kg5 Be4 73. Rg7+ Kc8 74. Kf4 Bg2 75. Rg8+ Kd7 76. Rb8 Re8 77. Rxe8 Kxe8 78. Kg5
Be4 79. Kf6 1/2-1/2

[Event "LYM - Maîtres vs Espoirs"]
[Site "Lausanne - Casino de Montbenon"]
[Date "2006.09.18"]
[Round "9"]
[White "Olivier, Jean-Christophe"]
[Black "Farago, Ivan"]
[Result "1/2-1/2"]
[WhiteElo "2392"]
[BlackElo "2513"]
[PlyCount "111"]

1. e4 e6 2. d4 d5 3. Nc3 Bb4 4. e5 c5 5. a3 Bxc3+ 6. bxc3 Ne7 7. a4 Qa5 8. Qd2
Nbc6 9. Nf3 Bd7 10. Be2 f6 11. exf6 gxf6 12. Ba3 cxd4 13. cxd4 Qxd2+ 14. Kxd2
Nf5 15. Bd3 Nfxd4 16. Nxd4 Nxd4 17. Bb2 Nc6 18. Bxf6 O-O 19. Bh4 e5 20. f3 e4
21. fxe4 dxe4 22. Bc4+ Kg7 23. Rhf1 Ne5 24. Bb3 Bc6 25. Bg3 Ng4 26. h3 Nh6 27.
Be5+ Kg6 28. g4 Rf3 29. Rxf3 exf3 30. Bd4 Nf7 31. c3 Ng5 32. Bc2+ Kf7 33. h4
Ne4+ 34. Bxe4 Bxe4 35. Re1 Bc6 36. a5 Rg8 37. g5 a6 38. Re5 Re8 39. Rf5+ Kg6
40. Re5 Rf8 41. Bf2 Kh5 42. Ke3 Kg4 43. Re6 Rf5 44. g6 hxg6 45. Rxg6+ Kh5 46.
Rg5+ Rxg5 47. hxg5 Kxg5 48. c4 Kf5 49. Kd4 Kf4 50. c5 Bb5 51. Be1 Kf5 52. Bh4
Ke6 53. Bg3 Kd7 54. Ke3 Be2 55. Bb8 Kc6 56. Ba7 1/2-1/2